| 000 | 01300nam a2200241 a 4500 | ||
|---|---|---|---|
| 001 | 20728 | ||
| 003 | CO-ViMGA | ||
| 008 | 141112s2004 ck r 000 u spa d | ||
| 020 | _a8448106849 | ||
| 040 |
_aCO-ViMGA _bspa _cCO-ViMGA |
||
| 082 | 0 | 4 | _a621.7 H857i |
| 100 | 1 |
_aHunt, David Quintana de la Pedraja, María _930003 |
|
| 245 | 1 | 0 | _aIngeniería de diseño medioambiental. Sistemas de gestión medioambiental, principios y práctica |
| 260 |
_aBogotá : _bMc Graw Hill, _c1999 |
||
| 300 | _a318p | ||
| 505 | _aHistoria de la preocupación por el medio ambiente 9 - - Visión general de la normativa medioambiental 29 - - Desarrollo de las auditorías medioambientales y otras prácticas de gestión medioambiental 79 - - Concepto de sistema de gestión de calidad 87 - - La aproximaación sistemica a la gestión medioambiental 97 - - Desarrollo y aplicación de un sistema de gestión medioambiental 113 - - Desarrollos actuales y futuros 277 | ||
| 590 | _aForma de adquisición : Donación - - Precio : 20000 - - Proveedor : Corporación orinoquia tierra mágica - - Fecha de adquisición : Mayo 2006 | ||
| 650 | 1 | 4 |
_aAUDITORIA AMBIENTAL _98822 |
| 650 | 1 | 4 |
_aCONTROL AMBIENTAL _922241 |
| 650 | 1 | 4 |
_aGESTION AMBIENTAL _911011 |
| 650 | 1 | 4 | _aPROTECCION DEL MEDIO AMBIENTE |
| 942 |
_2ddc _cBK |
||
| 999 |
_c29704 _d29704 |
||